000 00797nam a2200253 i 4500
001 73715
003 ES-MaACL
005 20250815085326.0
007 t|
008 040910s1965 sp ||||1| spa d
100 1 _aGondé, Henri.
_958232
245 1 0 _aLecciones de agricultura /
_cH. Gondé, G. Carré y Ph. Jussiaux ; versión, Justino Ramírez ; prólogo de Luis Hidalgo.
260 _a[Madrid] :
_bAguilar,
_c[1965]
300 _aXX, 645 p. ;
_c22 cm.
490 1 _aCiencia y técnica
650 0 7 _aAgricultura
_2embne
_99670
700 1 _aCarré, G.
_935594
700 1 _aJussiaux, Ph.
_967342
700 1 _aRamírez, Justino.
_995100
700 1 _aHidalgo, Luis.
_963574
830 1 0 _aCiencia y técnica
_9177702
852 _aES-MaACL
_jC-27815
999 _c73715
_d73715